• 首页
  • 本馆介绍
  • 公告通知
  • 最新文献
  • 馆藏检索
  • 电子资源
  • 读者导购
  • 参考咨询
  • 我的图书馆
  • 登录
  • 详细信息显示
  • 放入我的书架
  • 预约/预借图书
  • 作者相关作品
  • 分类相关作品
  • 丛书相关作品
  • 出版社相关作品

书目信息

  • 表格格式
  • 工作单格式
  • 卡片格式
题名:
毛泽东研究全书
    
 
作者: 张静如 主编
分册: 卷一   总论编·生平编
出版信息: 长春   长春出版社  2000
页数: 1148页
开本: 21cm
丛书名:
单 册:
中图分类: A755
科图分类:
主题词:
电子资源:
ISBN: 7-80604-563-5
000 00928nam0 2200229 450
005 20061125091444.51
010    @a7-80604-563-5@b精装@dCNY450.00(全6册)
100    @a20051008d2000 ekmy0chiy0120 ea
101 0  @achi
102    @aCN@b220000
105    @ay z 000yd
200 1  @a毛泽东研究全书@AMao Ze Dong Yan Jiu Quan Shu@f张静如主编@h卷一@i总论编·生平编@FZhang Jing Ru Zhu Bian
210    @a长春@c长春出版社@d2000
215    @a1148页@d21cm
327 0  @a卷一,总论编 生平编 .@a卷二,著作编 .@a卷三、卷四,思想编 .@a卷五,生活编 师友编 .@a卷六,家世编 海外编.
330    @a《毛泽东研究全书》介绍的关于毛泽东的生平、著作、思想、生活、师友、家世等诸方面海内外研究著作、文献和资料,截至1992年底。
517 1  @a总论编·生平编@Azong lun bian·sheng ping bian
600  0 @a毛泽东@f(1893~1976)@x人物研究
690    @aA755@v4
701  0 @a张静如@AZhang Jing Ru@4主编
801  0 @aCN@bFYSX@c20061125
905    @a10447@dA755@e164:1
    
    毛泽东研究全书/张静如主编.卷一.总论编·生平编.-长春:长春出版社,2000
    1148页;21cm
    
    部分内容:卷一,总论编 生平编 .;卷二,著作编 .;卷三、卷四,思想编 .;卷五,生活编 师友编 .;卷六,家世编 海外编.
    ISBN 7-80604-563-5(精装):CNY450.00(全6册)
    《毛泽东研究全书》介绍的关于毛泽东的生平、著作、思想、生活、师友、家世等诸方面海内外研究著作、文献和资料,截至1992年底。
●
相关链接 在E读中查询图书 在五车中查询图书 在当当中查询图书 在豆瓣中查询图书


正题名:毛泽东研究全书     索取号:A755/164:1         预约/预借

序号 登录号 条形码 馆藏地/架位号 状态 备注
1 0410169   204101694   第一样本阅览室/ [索取号:A755/164:1] 在馆    
2 0410170   204101701   第一借阅区/ [索取号:A755/164:1] 在馆    
3 0410171   204101710   第一借阅区/ [索取号:A755/164:1] 在馆    
唐山师范学院图书馆 欢迎您!
大连网信软件有限公司© 版权所有